El desarrollo y el aprendizaje escolar desde la perspectiva psicológica
שמור ב:
| מחבר ראשי: | |
|---|---|
| פורמט: | ספר |
| שפה: | ספרדית |
| יצא לאור: |
Santiago
CPEIP
1993
|
| סדרה: | Documento de Estudio, 20
|
| נושאים: | |
| תגים: |
הוספת תג
אין תגיות, היה/י הראשונ/ה לתייג את הרשומה!
|
MARC
| LEADER | 00000nam a2200000 a 4500 | ||
|---|---|---|---|
| 001 | UCX7636 | ||
| 003 | CL-VaPUC | ||
| 008 | 931222e19930000CL |||||||||||||||||spa|d | ||
| 082 | 0 | 4 | |a 370.15 |b SAL |2 21 |
| 100 | 0 | |a Salinas, Lidia |e author |9 324543 | |
| 245 | 1 | 3 | |a El desarrollo y el aprendizaje escolar desde la perspectiva psicológica |
| 300 | |a 43 h | ||
| 942 | |c BK | ||
| 945 | |d 19931222 00:00:00 |a rbrito | ||
| 260 | |a Santiago |b CPEIP |c 1993 | ||
| 650 | 0 | |a Psicología del aprendizaje |9 306854 | |
| 583 | |a last modification |c 19931222 00:00:00 |k Rodrigo Vera | ||
| 490 | 0 | |a Documento de Estudio, 20 | |
| 999 | |c 227411 |d 227409 | ||
| 952 | |0 0 |1 0 |4 0 |6 370_150000000000000_SAL_1993 |7 0 |8 A |9 226397 |a BIBEDU |b BIBEDU |d 2019-11-15 |i 2955768 |o 370.15 SAL 1993 |p 2955768 |r 2019-11-15 |w 2019-11-15 |y BK |k EDU | ||